Regional Times

Bibliographic Details
Format: Serial
Language:English
Published: Karachi : AsiaNet Pakistan (Pvt) Ltd., 2013-
Subjects:
Online Access:http://www.vlex.com/source/7717

MARC

LEADER 00000nas a22000007a 4500
005 20130326173704.0
007 cr|||| ||||
008 130326e2012 pk |||||s|||| 00||0 eng d
035 |a 7717 
040 |a vLex 
090 |c 4032  |d 4032 
245 0 0 |a Regional Times  |h [Recurso electrn̤ico]  
256 |a Servicio en ln̕ea 
260 |a Karachi :  |b AsiaNet Pakistan (Pvt) Ltd.,   |c 2013- 
300 |a 1 Recurso electrn̤ico 
506 |d vLex Global  |d vLex Global (Academic Edition, excluding Law Schools)  |d vLex Global (U.S. Academic Edition, Law Schools)  |d vLex Global (U.S. Academic Edition, excluding Law Schools)  |d vLex Global (Academic Edition, Law Schools) 
650 0 4 |a Informacin̤ general  |v Revistas  |z Pakistǹ 
740 |a vLex Revistas (Servicio en ln̕ea) 
856 |a Acceso restringido  |u http://www.vlex.com/source/7717 
942 |c REV 
999 0 |a News